Obálka
Pro půjčování e-knih musíte být přihlášeni.
Jak si půjčit online?

Adam ze Zbraslavi a případ královského levobočka : 1. díl trilogie /

Historický detektivní příběh, jehož děj se odehrává v období po násilné smrti krále Václava III. v roce 1306.

Uloženo v:
Série:V královských službách, část 1
Hlavní autor: Whitton, Hana, 1950- (Autor)
Další autoři: Nováková, Jindřiška, 1954- (Autor), Rašilov, Saša, 1972- (Režisér)
Médium: E-audiokniha
Jazyk:Czech
Vydáno: Praha : Voxi, [2022]
Edice:Historická detektivka
Témata:
Příbuzné jednotky:Z cyklu:: V královských službách
Tagy:
Žádné tagy
LEADER 04849nim a2200841 i 4500
001 313128
003 CZ PrSKC
005 20260601215736.0
007 sd fungnnmmned
008 220310p20222021xr nnnng f n cze
015 |a cnb003400931 
024 3 |a 8594050433168 
040 |a ABA001  |b cze  |e rda 
072 7 |a 821.162.3-3  |x Česká próza  |2 Konspekt 
080 |a 821.162.3-31  |2 MRF 
080 |a (0:82-312.4)  |2 MRF 
080 |a (0:82-311.6)  |2 MRF 
080 |a (086.7)08  |2 MRF 
080 |a (086.76)  |2 MRF 
100 1 |a Whitton, Hana,  |d 1950-  |7 jn19981001688  |4 aut 
245 1 0 |a Adam ze Zbraslavi a případ královského levobočka :  |b 1. díl trilogie /  |c Hana Whitton 
264 1 |a Praha :  |b Voxi,  |c [2022] 
264 4 |c ©2022 
300 |a 1 audiodisk (8 hod., 38 min.) ;  |c 12 cm 
306 |a 083800 
336 |a mluvené slovo  |b spw  |2 rdacontent 
337 |a audio  |b s  |2 rdamedia 
338 |a audiodisk  |b sd  |2 rdacarrier 
344 |a digital  |b optical  |2 rda 
347 |a audio soubor  |b MP3  |2 rda 
490 1 |a Historická detektivka ;  |v 1 
500 |a Název z disku 
500 |a Copyright Albatros Media a.s. 
508 |a Režie Jindřiška Nováková 
511 0 |a Čte Saša Rašilov 
518 |o Nahráno  |d 2021  |p studio Karpofon (AudioStory), Praha 
520 2 |a Historický detektivní příběh, jehož děj se odehrává v období po násilné smrti krále Václava III. v roce 1306.  |b Adam ze Zbraslavi je nejen Václavovým kumpánem při bujarých nočních jízdách, ale i oddaným služebníkem a důvěrníkem. Krátce před tragickými událostmi v Olomouci se mu panovník svěří, že je otcem dcery Alžběty. Ta se po jeho smrti stává terčem úkladů. V jejím okolí přibývá mrtvých a Adam musí celou záležitost objasnit dříve, než bude ohrožen i její život. 
655 7 |a české romány  |7 fd133974  |2 czenas 
655 7 |a detektivní romány  |7 fd132010  |2 czenas 
655 7 |a historické romány  |7 fd132414  |2 czenas 
655 7 |a audioknihy  |7 fd119452  |2 czenas 
655 7 |a kompaktní disky  |7 fd201991  |2 czenas 
700 1 |a Nováková, Jindřiška,  |d 1954-  |7 jn20010601354  |4 drt 
700 1 |a Rašilov, Saša,  |d 1972-  |7 js20021118002  |4 nrt 
787 0 8 |i Z cyklu:  |t V královských službách  |g 1 
830 0 |a Historická detektivka 
900 |a ABA001  |b 21 
044 |a xr 
505 0 0 |t 01 Kapitola 1. Jestřábí dvůr (10 min., 26 sek.) 
505 0 0 |t 02 Kapitola 2. Tajemství krále Václava (21 min., 12 sek.) 
505 0 0 |t 03 Kapitola 2. Tajemství krále Václava -pokračování 1 (21 min., 29 sek.) 
505 0 0 |t 04 Kapitola 2. Tajemství krále Václava -pokračování 2 (23 min., 41 sek.) 
505 0 0 |t 05 Kapitola 3. Adam řečený pater a neblahé události v pohledském klášteře (29 min., 45 sek.) 
505 0 0 |t 06 Kapitola 3. Adam řečený pater a neblahé události v pohledském klášteře-pokračování 1 (36 min., 4 sek.) 
505 0 0 |t 07 Kapitola 4. Tajný hřích společnice Domaslavy (33 min., 45 sek.) 
505 0 0 |t 08 Kapitola 4. Tajný hřích společnice Domaslavy-pokračování 1 (29 min., 1 sek.) 
505 0 0 |t 09 Kapitola 5. Osudná cesta ke svatému Jiří v Praze (22 min., 46 sek.) 
505 0 0 |t 10 Kapitola 5. Osudná cesta ke svatému Jiří v Praze - pokračování 1 (29 min., 25 sek.) 
505 0 0 |t 11 Kapitola 5. Osudná cesta ke svatému Jiří v Praze - pokračování 2 (12 min., 49 sek.) 
505 0 0 |t 12 Kapitola 6. Ztracený list krále Václava (22 min., 47 sek.) 
505 0 0 |t 13 Kapitola 6. Ztracený list krále Václava - pokračování 1 (23 min., 34 sek.) 
505 0 0 |t 14 Kapitola 6. Ztracený list krále Václava - pokračování 2 (27 min., 18 sek.) 
505 0 0 |t 15 Kapitola 7. Svědectví Hynka z Klokot (27 min., 56 sek.) 
505 0 0 |t 16 Kapitola 7. Svědectví Hynka z Klokot - pokračování 1 (32 min., 12 sek.) 
505 0 0 |t 17 Kapitola 8. Smrtelný hřích kanovníka Anselma (18 min., 46 sek.) 
505 0 0 |t 18 Kapitola 8. Smrtelný hřích kanovníka Anselma - pokračování 1 (18 min., 20 sek.) 
505 0 0 |t 19 Kapitola 8. Smrtelný hřích kanovníka Anselma - pokračování 2 (25 min., 11 sek.) 
505 0 0 |t 20 Kapitola 9. Pomsta pánů ze Stříbrné růže (32 min., 13 sek.) 
505 0 0 |t 21 Kapitola 10. Setkání na Zbraslavi (13 min., 3 sek.) 
505 0 0 |t 22 Kapitola 11. Levobočná Přemyslovna Alžběta - fikce, nebo skutečnost? (6 min., 13 sek.) 
910 |a RBIT002 
998 |d 357814  |a https://core.palmknihy.cz/api/books/357814/cover?sleeta  |b https://core.palmknihy.cz/api/books/357814/cover/400?sleeta  |c https://core.palmknihy.cz/api/books/357814/cover/50?sleeta  |e 2030-12-31  |i 8594050433168  |l 31080  |q 49  |r 1  |s https://www.palmknihy.cz/kniha/357814  |t audiobook  |y 2022  |z 0  |v V královských službách  |w 1 
999 |d 313126